| 000 | 00848cam a2200193 4500 | ||
|---|---|---|---|
| 001 | ##L131751 | ||
| 008 | 051206n2005 000 0 eng u | ||
| 035 | _a(Sirsi) u131751 | ||
| 041 | 0 | _aeng | |
| 050 | 0 | 4 | _a333.00711 $2 18 |
| 110 | 0 | 2 |
_aRoyal Institution of Chartered Surveyors _94900 |
| 245 | 0 | 0 |
_aRICS careers prospectus of surveying education 2005/6 _bdeveloping your career in surveying - higher education courses in land, property and construction |
| 260 | 3 |
_aWallingford _bGTI _c2005 |
|
| 300 |
_a104p. _c21cm _e+ 1 CD-ROM |
||
| 520 | _aFeatures over 350 RICS accredited courses worldwide: information on undergraduate and postgraduate courses for students and professionals. Includes an interactive CD-ROM guide to courses. | ||
| 651 | 4 | _aInternational | |
| 690 | _aCAREERS, EDUCATION AND TRAINING-CAREERS IN SURVEYING | ||
| 942 | _n0 | ||
| 999 |
_c104824 _d104824 |
||